<?xml version="1.0" encoding="UTF-8"?><?xml-stylesheet type="text/xsl" href="static/style.xsl"?><OAI-PMH xmlns="http://www.openarchives.org/OAI/2.0/" xmlns:xsi="http://www.w3.org/2001/XMLSchema-instance" xsi:schemaLocation="http://www.openarchives.org/OAI/2.0/ http://www.openarchives.org/OAI/2.0/OAI-PMH.xsd"><responseDate>2026-04-17T05:38:32Z</responseDate><request verb="GetRecord" identifier="oai:www.recercat.cat:2072/449540" metadataPrefix="marc">https://recercat.cat/oai/request</request><GetRecord><record><header><identifier>oai:recercat.cat:2072/449540</identifier><datestamp>2025-01-15T15:48:14Z</datestamp><setSpec>com_2072_98</setSpec><setSpec>col_2072_378194</setSpec></header><metadata><record xmlns="http://www.loc.gov/MARC21/slim" xmlns:dcterms="http://purl.org/dc/terms/" xmlns:xsi="http://www.w3.org/2001/XMLSchema-instance" xmlns:doc="http://www.lyncode.com/xoai" xsi:schemaLocation="http://www.loc.gov/MARC21/slim http://www.loc.gov/standards/marcxml/schema/MARC21slim.xsd">
   <leader>00925njm 22002777a 4500</leader>
   <datafield ind2=" " ind1=" " tag="042">
      <subfield code="a">dc</subfield>
   </datafield>
   <datafield ind2=" " ind1=" " tag="720">
      <subfield code="a">López-Ferrer, S.</subfield>
      <subfield code="e">author</subfield>
   </datafield>
   <datafield ind2=" " ind1=" " tag="720">
      <subfield code="a">Baucells Sánchez, María Dolores</subfield>
      <subfield code="e">author</subfield>
   </datafield>
   <datafield ind2=" " ind1=" " tag="720">
      <subfield code="a">Barroeta, Ana Cristina</subfield>
      <subfield code="e">author</subfield>
   </datafield>
   <datafield ind2=" " ind1=" " tag="720">
      <subfield code="a">Grashorn, M. A.</subfield>
      <subfield code="e">author</subfield>
   </datafield>
   <datafield ind2=" " ind1=" " tag="260">
      <subfield code="c">1999</subfield>
   </datafield>
   <datafield ind2=" " ind1=" " tag="520">
      <subfield code="a">An experiment was conducted to assess the effect ofsupplying with fish or linseed oils on the performance, quality parameters and fatty acid (FA) composition of the meat of broiler chickens. Besides, it aimed to test the relative stability of the FA composition after cooking of the chicken meat. A diet with 4% of tallow plus 4% linseed oil (Tl ) or 4% fish oil (T2) was fed to the birds throughout the 5 wk growth period. After slaughtering of the animals, the FA profile of the raw samples was determined by means of gas chromatography, and also alter cooking in a convector oven (180"C, 35 min). Carcass yield, percentage of valuable parts, texture, juiciness and grill losses of meat were determined as objective quality parameters. Performance parameters were not significantly different among treatments, though a tendency towards a better transformation index was found in Tl fed animals (p&lt;().09). Objective quality meat parameters were not different when compared by treatments. As expected, differences in the FA profile of the samples were found among treatments, being the Tl samples the ones which scored with higher n-3 FA levels, because of its linolenic acid content, while T2 samples showed a higher proportion in n-3 long-chain (LC) polyunsaturated FA (PUFA) in form ofeicosapentaenoic acid, docosapentaenoic acid, and docosahexaenoic acid. Processing of the samples had an important influence on the FA profile of the meat. PUFA content was significantly lower in cooked samples (p&lt;0.()l), thus affecting the relative percentage of saturated FA, which rose to the highest values after cooking. Changes in monounsaturated FA were unnoticeable. Losses in n-6 FA were mainly due to the fall of linoleic acid while almost all n-3 LCPUFA experienced significant losses after cooking of the meat.</subfield>
   </datafield>
   <datafield tag="653" ind2=" " ind1=" ">
      <subfield code="a">PUFA</subfield>
   </datafield>
   <datafield tag="653" ind2=" " ind1=" ">
      <subfield code="a">Chickens</subfield>
   </datafield>
   <datafield ind2="0" ind1="0" tag="245">
      <subfield code="a">PUFA loses after cookingg of chicken meat</subfield>
   </datafield>
</record></metadata></record></GetRecord></OAI-PMH>